000 00516nam a2200169Ia 4500
003 OSt
005 20200617114509.0
008 190216s9999||||xx |||||||||||||| ||und||
020 _a 9788185618722
040 _coclc
082 _a954.02
_bBRI/R
100 _aBridget
_92353
245 4 _aThe Rise Of Civilization In India And Pakistan /
_cBridget ; Raymond Allchin
260 _bCambridge Uty Press,
_c1996.
_aNew Delhi:
300 _a379p
942 _cBK
_2ddc
_h954.02
_iBRI/R
_k954.02
_mBRI/R
999 _c20875
_d20875